| 000 | 00681nam a2200205Ia 4500 | ||
|---|---|---|---|
| 999 |
_c36203 _d36203 |
||
| 001 | 2106 | ||
| 003 | GE_BSU | ||
| 005 | 20190514160657.0 | ||
| 008 | 181216s1981||||ge |||||||||||||| ||geo|| | ||
| 040 | _cGE_BSU | ||
| 041 | _ageo | ||
| 080 | _a613.71 ი–18 | ||
| 100 |
_aიაკობაშვილი, ა. _91125 |
||
| 245 |
_aიოგა ჯანმრთელობის სამსახურში / _cალექსი იაკობაშვილი. |
||
| 264 |
_aთბილისი : _bსაქართველო, _c1992. |
||
| 300 |
_a110 გვ.; _b20 სმ. |
||
| 653 | _aმედიცინა | ||
| 653 | _aიოგა | ||
| 942 |
_cBK _2udc |
||